000 00410nam a22001457a 4500
020 _a978-81-7223-530-7
082 _a823
_bCOE/B
100 _aCOELHO, PAULO
245 _aBY THE RIVER PIEDRA ISAT DOWN AND WEPT
246 _aBY THE RIVER PIEDRA ISAT DOWN AND WEPT
_bBY THE RIVER PIEDRA ISAT DOWN AND WEPT
260 _aLONDON
_bHARPER COLLINS
_c2011
300 _a208
650 _aENGLISH FICTION
942 _cBK
999 _c8963
_d8963